Entraineurs de Ligue 1 (2015 - 2025) - Statistiques

Statistiques générales
  • Ce quiz a été pris 105 fois
  • Le résultat moyen est 75 sur 196
Statistiques - réponses
Clubs Période Matchs Actuel Entraineur % Correct
Paris Saint-Germain 2013 - 2016 173 Al-Ittihad Laurent Blanc
93%
Olympique Lyonnais 2022 - 2023 37 Al-Ittihad Laurent Blanc
93%
Paris Saint-Germain 2023 - 112 Paris Saint-Germain Luis Enrique
90%
Paris Saint-Germain 2016 - 2018 114 Aston Villa Unai Emery
89%
Paris Saint-Germain 2022 - 2023 50 Al-Duhail SC Christophe Galtier
88%
AS Saint-Étienne 2009 - 2017 361 Al-Duhail SC Christophe Galtier
88%
OGC Nice 2021 - 2022 43 Al-Duhail SC Christophe Galtier
88%
LOSC Lille 2017 - 2021 152 Al-Duhail SC Christophe Galtier
88%
Paris Saint-Germain 2018 - 2020 127 Angleterre Thomas Tuchel
88%
Paris Saint-Germain 2021 - 2022 84 États-Unis Mauricio Pochettino
84%
ESTAC Troyes 2016 - 2018 84 Sans club Jean-Louis Garcia
81%
AS Saint-Étienne 2017 13 Sans club Óscar García
81%
Stade de Reims 2021 - 2022 51 Sans club Óscar García
81%
Olympique Lyonnais 2019 - 2021 78 Belgique Rudi Garcia
81%
Olympique de Marseille 2016 - 2019 142 Belgique Rudi Garcia
81%
Olympique Lyonnais 2015 - 2019 185 LOSC Lille Bruno Génésio
79%
Stade Rennais FC 2021 - 2023 124 LOSC Lille Bruno Génésio
79%
LOSC Lille 2024 - 51 LOSC Lille Bruno Génésio
79%
Olympique Lyonnais 2023 - 2025 56 RC Lens Pierre Sage
79%
RC Lens 2025 - 0 RC Lens Pierre Sage
79%
Olympique Lyonnais 2025 - 19 Olympique Lyonnais Paulo Fonseca
78%
LOSC Lille 2022 - 2024 90 Olympique Lyonnais Paulo Fonseca
78%
AS Monaco 2014 - 2018 233 Cruzeiro Leonardo Jardim
76%
AS Monaco 2019 - 2019 37 Cruzeiro Leonardo Jardim
76%
Olympique de Marseille 2014 - 2015 41 Uruguay Marcelo Bielsa
75%
LOSC Lille 2017 14 Uruguay Marcelo Bielsa
75%
Olympique de Marseille 2024 36 Olympique de Marseille Roberto De Zerbi
75%
Toulouse FC 2019 - 2020 13 Sans club Antoine Kombouaré
74%
FC Nantes 2021 - 2023 109 Sans club Antoine Kombouaré
74%
FC Nantes 2024 - 2025 44 Sans club Antoine Kombouaré
74%
EA Guingamp 2016 - 2018 100 Sans club Antoine Kombouaré
74%
Dijon FCO 2019 25 Sans club Antoine Kombouaré
74%
Olympique de Marseille 2022 - 2023 48 Juventus Turin Igor Tudor
74%
AS Monaco 2023 - 84 AS Monaco Adi Hütter
67%
OGC Nice 2024 - 45 OGC Nice Franck Haise
66%
FC Lorient 2016 2 OGC Nice Franck Haise
66%
RC Lens 2020 - 2024 168 OGC Nice Franck Haise
66%
AS Monaco 2018 - 2019 20 Sans club Thierry Henry
66%
Stade de Reims 2022 - 2024 64 Southampton Will Still
66%
RC Lens 2024 - 2025 37 Southampton Will Still
66%
Stade Rennais FC 2025 - 15 Stade Rennais FC Habib Beye
64%
Olympique Lyonnais 2021 - 2022 58 PSV Eindhoven Peter Bosz
62%
Olympique Lyonnais 2023 - 2023 7 US Sassuolo Fabio Grosso
61%
Olympique de Marseille 2023 - 2024 24 Italie Gennaro Gattuso
61%
Stade Brestois 29 2023 - 108 Stade Brestois 29 Éric Roy
60%
Olympique de Marseille 2024 19 Sans club Jean-Louis Gasset
58%
AS Saint-Étienne 2017 - 2019 62 Sans club Jean-Louis Gasset
58%
FC Girondins de Bordeaux 2020 - 2021 39 Sans club Jean-Louis Gasset
58%
Montpellier Hérault SC 2017 16 Sans club Jean-Louis Gasset
58%
Montpellier Hérault SC 2024 - 2025 21 Sans club Jean-Louis Gasset
58%
Olympique de Marseille 2021 - 2022 67 Sans club Jorge Sampaoli
58%
Stade Rennais FC 2024 - 2025 10 Sans club Jorge Sampaoli
58%
Olympique de Marseille 2019 - 2021 60 FC Porto (Président) André Villas-Boas
57%
Olympique de Marseille 2023 7 Villarreal CF Marcelino
56%
Stade Rennais FC 2018 - 2021 110 Sans club Julien Stéphan
55%
Stade Rennais FC 2023 - 2024 41 Sans club Julien Stéphan
55%
RC Strasbourg Alsace 2021 - 2023 58 Sans club Julien Stéphan
55%
AS Saint-Étienne 2019 - 2021 88 Sans club Claude Puel
54%
OGC Nice 2012 - 2016 169 Sans club Claude Puel
54%
AS Saint-Étienne 2021 - 2022 25 Sans club Pascal Dupraz
54%
Toulouse FC 2016 - 2018 77 Sans club Pascal Dupraz
54%
FC Nantes 2017 - 2018 41 AS Roma Claudio Ranieri
53%
OGC Nice 2023 25 Le Havre AC Didier Digard
52%
Le Havre AC 2024 35 Le Havre AC Didier Digard
52%
Montpellier Hérault SC 2017 - 2021 161 SM Caen Michel Der Zakarian
52%
Montpellier Hérault SC 2023 - 2024 61 SM Caen Michel Der Zakarian
52%
FC Nantes 2012 - 2016 171 SM Caen Michel Der Zakarian
52%
Stade Brestois 29 2021 - 2022 51 SM Caen Michel Der Zakarian
52%
OGC Nice 2018 - 2020 89 Genoa CFC Patrick Vieira
52%
RC Strasbourg Alsace 2023 - 2024 38 Genoa CFC Patrick Vieira
52%
Olympique Lyonnais 2019 - 2019 11 Albanie Sylvinho
51%
FC Girondins de Bordeaux 2016 - 2018 71 Sans club Jocelyn Gourvennec
48%
LOSC Lille 2021 - 2022 49 Sans club Jocelyn Gourvennec
48%
FC Nantes 2023 - 2024 15 Sans club Jocelyn Gourvennec
48%
EA Guingamp 2010 - 2016 268 Sans club Jocelyn Gourvennec
48%
EA Guingamp 2018 - 2019 31 Sans club Jocelyn Gourvennec
48%
Olympique de Marseille 2015 - 2016 46 Al-Qadsiah Míchel
48%
FC Lorient 2022 - 2024 76 AFC Sunderland Régis Le Bris
48%
AS Monaco 2020 - 2022 74 Bor. Dortmund Niko Kovac
47%
FC Nantes 2020 - 2021 8 Sans club Raymond Domenech
46%
LOSC Lille 2015 - 2016 45 SC Bastia (Directeur technique) Frédéric Antonetti
45%
FC Metz 2020 - 2022 74 SC Bastia (Directeur technique) Frédéric Antonetti
45%
RC Strasbourg Alsace 2023 15 SC Bastia (Directeur technique) Frédéric Antonetti
45%
Olympique Lyonnais 2014 - 2015 72 Sans club Hubert Fournier
43%
LOSC Lille 2015 14 Arabie saoudite Hervé Renard
42%
FC Lorient 2019 - 2022 112 AJ Auxerre Christophe Pélissier
40%
Amiens SC 2014 - 2019 179 AJ Auxerre Christophe Pélissier
40%
AJ Auxerre 2022 - 105 AJ Auxerre Christophe Pélissier
40%
OGC Nice 2016 - 2018 99 Sans club Lucien Favre
40%
OGC Nice 2022 - 2023 26 Sans club Lucien Favre
40%
AS Saint-Étienne 2023 - 2024 39 Sans club Olivier Dall'Oglio
39%
Montpellier Hérault SC 2021 - 2022 52 Sans club Olivier Dall'Oglio
39%
Dijon FCO 2012 - 2018 268 Sans club Olivier Dall'Oglio
39%
Stade Brestois 29 2019 - 2021 32 Sans club Olivier Dall'Oglio
39%
FC Girondins de Bordeaux 2014 - 2016 88 Géorgie Willy Sagnol
39%
Toulouse FC 2023 - 82 Toulouse FC Carles Martínez
38%
RC Strasbourg Alsace 2024 - 37 RC Strasbourg Alsace Liam Rosenior
38%
AS Monaco 2022 - 2023 73 Sans club Philippe Clement
37%
Angers SCO 2011 - 2021 413 Sans club Stéphane Moulin
37%
Stade de Reims 2024 - 2025 21 Sans club Luka Elsner
35%
Amiens SC 2019 - 2020 37 Sans club Luka Elsner
35%
Le Havre AC 2022 - 2024 76 Sans club Luka Elsner
35%
Stade Rennais FC 2016 - 2017 55 Retraite Christian Gourcuff
34%
FC Nantes 2019 - 2020 45 Sans club Christian Gourcuff
34%
FC Nantes 2016 - 2017 26 Sans club Sérgio Conceição
34%
Clermont Foot 63 2017 - 2024 263 Sans club Pascal Gastien
33%
Montpellier Hérault SC 2025 6 Montpellier Hérault SC Zoumana Camara
31%
AS Monaco 2019 1 Al-Ittihad (assistant) Franck Passi
30%
Olympique de Marseille 2015 1 Al-Ittihad (assistant) Franck Passi
30%
Olympique de Marseille 2016 1 Al-Ittihad (assistant) Franck Passi
30%
LOSC Lille 2017 13 Al-Ittihad (Assistant) Franck Passi
30%
AS Nancy-Lorraine 2013 - 2017 44 AS Nancy-Lorraine Pablo Correa
30%
Stade Rennais FC 2013 - 2016 115 Sans club Philippe Montanier
30%
Toulouse FC 2021 - 2023 87 Sans club Philippe Montanier
30%
FC Nantes 2016 16 Sans club René Girard
30%
ESTAC Troyes 2010 - 2015 232 Sans club Jean-Marc Furlan
29%
Angers SCO 2023 - 91 Angers SCO Alexandre Dujeux
28%
OGC Nice 2023 - 2024 38 Sans club Francesco Farioli
28%
Stade Rennais FC 2016 17 Sans club Rolland Courbis
27%
Montpellier Hérault SC 2013 - 2015 84 Sans club Rolland Courbis
27%
Stade Rennais FC 2017 - 2018 50 Sans club Sabri Lamouchi
27%
ESTAC Troyes 2022 33 FC Girondins de Bordeaux Bruno Irles
26%
Angers SCO 2021 - 2022 51 France U21 Gérald Baticle
26%
FC Girondins de Bordeaux 2021 - 2022 25 Algérie Vladimir Petkovic
26%
AS Saint-Étienne 2025 19 AS Saint-Étienne Eirik Horneland
24%
FC Nantes 2023 17 Sans club Pierre Aristouy
24%
GFC Ajaccio 2013 - 2016 131 Sans club Thierry Laurey
24%
RC Strasbourg Alsace 2016 - 2021 44 Sans club Thierry Laurey
24%
Toulouse FC 2018 - 2019 51 Sans club Alain Casanova
21%
Olympique de Marseille 2023 2 Olympique de Marseille (Assistant) Jacques Abardonado
21%
FC Metz 2022 - 2024 78 Sans club László Bölöni
21%
FC Nantes 2025 - 0 FC Nantes Luís Castro
21%
FC Lorient 2014 - 2016 97 EA Guingamp Sylvain Ripoll
21%
AS Saint-Étienne 2017 7 OGC Nice B Julien Sablé
20%
AS Saint-Étienne 2021 1 Sans club Julien Sablé
20%
Olympique de Marseille 2021 9 Arabie saoudite (Directeur technique) Nasser Larguet
20%
AS Saint-Étienne 2019 10 Montpellier Hérault SC (assistant) Ghislain Printant
18%
SC Bastia 2014 - 2016 57 Montpellier Hérault SC (assistant) Ghislain Printant
18%
FC Girondins de Bordeaux 2018 - 2018 21 Jeonbuk Hyundai Gustavo Poyet
18%
SM Caen 2012 - 2018 255 Sans club Patrice Garande
18%
ESTAC Troyes 2019 - 2021 89 Sans club Laurent Batlles
17%
AS Monaco 2019 - 2020 13 Sochi Robert Moreno
17%
FC Nantes 2018 - 2019 37 Sans club Vahid Halilhodzic
17%
Stade de Reims 2024 3 Sans club Samba Diawara
16%
Stade de Reims 2025 20 Sans club Samba Diawara
16%
FC Girondins de Bordeaux 2022 - 2023 65 Sans club David Guion
13%
Stade de Reims 2017 - 2021 157 Sans club David Guion
13%
Montpellier Hérault SC 2016 - 2017 41 Sans club Frédéric Hantz
12%
FC Metz 2017 - 2018 31 Sans club Frédéric Hantz
12%
Stade Brestois 29 2022 - 2023 7 Stade Brestois (Assistant) Bruno Grougi
11%
FC Nantes 2018 8 Sundowns Miguel Cardoso
11%
FC Metz 2015 - 2017 71 Sans club Philippe Hinschberger
11%
FC Lorient 2016 - 2017 31 Sans club Bernard Casoni
10%
Toulouse FC 2015 - 2016 43 Sans club Dominique Arribagé
10%
ESTAC Troyes 2022 - 2023 44 Yokohama F. M. Patrick Kisnorbo
10%
FC Metz 2018 - 2020 60 Valenciennes FC Vincent Hognon
10%
SM Caen 2018 - 2019 43 Sans club Fabien Mercadal
9%
FC Girondins de Bordeaux 2019 - 2020 42 Shabab Al-Ahli Paulo Sousa
9%
Dijon FCO 2019 - 2020 42 Belgique (Assistant) Stéphane Jobard
9%
FC Girondins de Bordeaux 2016 8 Sans club Ulrich Ramé
9%
OGC Nice 2020 - 2021 30 Yverdon Sport Adrian Ursea
8%
FC Girondins de Bordeaux 2018 1 Sans club Eric Bedouet
8%
FC Girondins de Bordeaux 2018 - 2019 35 Sans club Eric Bedouet
8%
Stade de Reims 2014 - 2015 34 Sans club Jean-Luc Vasseur
8%
Stade de Reims 2015 - 2016 44 Sans club Olivier Guégan
8%
Nîmes Olympique 2015 - 2020 179 Gallia Club Lunel Bernard Blaquart
7%
SC Bastia 2016 - 2017 44 Sans club François Ciccolini
7%
Olympique Lyonnais 2025 1 Olympique Lyonnais (Assistant) Jorge Maciel
7%
Toulouse FC 2018 19 Sans club Mickaël Debève
7%
ESTAC Troyes 2016 15 ESTAC Troyes (Assistant) Mohamed Bradja
7%
ESTAC Troyes 2015 - 2016 9 Racing Besançon Claude Robin
6%
ESTAC Troyes 2022 1 Racing Besançon Claude Robin
6%
FC Girondins de Bordeaux 2022 1 Sans club Jaroslav Plasil
6%
Nîmes Olympique 2020 - 2021 22 Sans club Jérôme Arpinon
6%
Dijon FCO 2018 - 2019 1 Sans club David Linarès
4%
Dijon FCO 2020 - 2021 35 Sans club David Linarès
4%
Toulouse FC 2020 9 Sans club Denis Zanko
4%
LOSC Lille 2015 1 Sans club Patrick Collot
4%
LOSC Lille 2016 - 2017 15 Sans club Patrick Collot
4%
FC Nantes 2020 4 Sans club Patrick Collot
4%
Montpellier Hérault SC 2022 - 2023 12 Olympiakos U19 Romain Pitau
4%
SC Bastia 2017 12 Difaâ El Jadida Rui Almeida
4%
Angers SCO 2022 - 2023 14 Maroc (Assistant) Abdel Bouhazama
3%
Olympique Lyonnais 2023 1 AC Horsens (Assistant) Jean-François Vulliez
3%
AS Saint-Étienne 2024 1 Sans club Laurent Huard
3%
Montpellier Hérault SC 2015 - 2016 5 Sans club Pascal Baills
3%
Nîmes Olympique 2021 - 2022 39 SM Caen (Directeur technique) Pascal Plancque
3%
Stade Rennais FC 2024 1 Rennes B Sébastien Tambouret
2%
EA Guingamp 2018 1 Vannes OC Sylvain Didot
2%
FC Metz 2017 2 Metz Youth José Pinot
1%
RC Strasbourg Alsace 2023 6 R. Strasbourg B Mathieu Le Scornet
1%
Stade Rennais FC 2021 1 Troyes (Assistant) Philippe Bizeul
1%
FC Nantes 2016 1 FC Nantes (Coordinateur sportif) Philippe Mao
1%
AS Monaco 2022 1 Sans club Stéphane Nado
1%
LOSC Lille 2017 6 Kaizer Chiefs (Assistant) Fernando Da Cruz
0%
FC Girondins de Bordeaux 2018 - 2019 3 Sans club Ricardo Gomes
0%
Aucun quiz correspondant
Distribution des résultats
% des personnes avec chaque résultat
Percentile par nombre de réponses
Votre historique - résultats
Vous n’avez pas pris ce quiz